In Russia, or Not in Russia - Statistics

General Stats
  • This quiz has been taken 386 times
  • The average score is 16 of 20
Answer Stats
Question Answer % Correct
Volgograd Russia
100%
Chernobyl Not Russia
97%
Petropavlovsk-Kamchatsky Russia
94%
Chelyabinsk Russia
91%
Rostav-on-Don Russia
91%
Ketchikan Not Russia
88%
Ob River Russia
88%
Bydgoszcz Not Russia
84%
St. Basil's Cathedral Russia
84%
Yakutsk Russia
84%
Krasnodar Russia
84%
Mount Elbrus Russia
81%
Ufa Russia
81%
Abkhazia Not Russia
75%
Flakstadoya Not Russia
75%
Issyk-kul Not Russia
75%
Church of Saint Sava Not Russia
72%
Dornod Aimag Not Russia
69%
Dnieper River Not Russia
63%
Federation Tower Russia
59%
No matching quizzes found
Score Distribution
Percent of People with Each Score
Percentile by Number Answered
Your Score History
You have not taken this quiz